Star Wars: Episode VII - The Force Awakens - Statistics

General Stats
  • This quiz has been taken 1,060 times
    1,032 since last reset
  • The average score is 20 of 30
Answer Stats
Hint Answer % Correct
Han Solo's son's birth name Ben Solo
97%
Defected Stormtrooper Finn
97%
Han Solo's son Kylo Ren
97%
Best Resistance Pilot Poe Dameron
97%
Scavenger Rey
97%
Colour of C-3PO's right arm Gold
92%
Colour of C-3PO's left arm Red
92%
Rey's home planet Jakku
91%
Who has the rest of the map in his back-up data? R2-D2
90%
Who was the original owner of the lightsaber calling to Rey? Anakin Skywalker
83%
Who owns the castle on Takodana? Maz Kanata
77%
Actress who plays Rey Daisy Ridley
76%
Name of the First Order's superweapon Starkiller Base
75%
Finn's Stormtrooper number FN-2187
73%
General in the First Order Hux
72%
Han Solo's occupation Smuggler
72%
Who says: "There has been an awakening, have you felt it?" Supreme Leader Snoke
72%
Who has the last piece of the map to Luke Skywalker? BB-8
71%
Captain in the First Order Phasma
63%
Actor who plays Finn John Boyega
61%
Rey lives in an old what? AT-AT
58%
During Rey's flashback/forward, which character says: "These are your first steps?" Obi-Wan Kenobi
58%
Actor who plays Poe Dameron Oscar Isaac
53%
Who did Rey say she was waiting for on Jakku? Her family
47%
Actor who plays Stormtrooper mind-tricked by Rey Daniel Craig
45%
Creatures that Han Solo smuggles Rathtars
35%
Planet of Resistance Base D'Qar
33%
Type of lightsaber wielded by Kylo Ren Crossguard
26%
First sentence in opening crawl Luke Skywalker has vanished
21%
Creature that tried to steal BB-8 at start of film Teedo
19%
No matching quizzes found
Score Distribution
Percent of People with Each Score
Percentile by Number Answered
Your Score History
You have not taken this quiz since the last reset